[Event "Ostrava op-A"]
[Site "Ostrava"]
[Date "2003.05.11"]
[Round "10"]
[White "Kasal, Kamil"]
[Black "Caletka, Radomir"]
[Result "1/2-1/2"]
[WhiteElo "1799"]
[BlackElo "1980"]
[PlyCount "28"]
[EventDate "2003.05.03"]
[EventType "swiss"]
[EventRounds "10"]
[EventCountry "CZE"]
[SourceTitle "EXT 2006"]
[Source "ChessBase"]
[SourceDate "2005.11.24"]
[SourceVersion "1"]
[SourceVersionDate "2005.11.24"]
[SourceQuality "1"]

1. e4 e6 2. d4 d5 3. Nd2 Nf6 4. e5 Nfd7 5. Bd3 c5 6. c3 Nc6 7. Ne2 cxd4 8. cxd4 f6 9. exf6 Nxf6 10. 0-0 Bd6 11. Nf3 Qc7 12. Bd2 0-0 13. Bc3 Nh5 14. Ng3 Nf4 1/2-1/2

[Event "Ostrava op-A"]
[Site "Ostrava"]
[Date "2003.05.08"]
[Round "7"]
[White "Badacova, Irena"]
[Black "Kasal, Kamil"]
[Result "0-1"]
[WhiteElo "1944"]
[BlackElo "1799"]
[PlyCount "76"]
[EventDate "2003.05.03"]
[EventType "swiss"]
[EventRounds "10"]
[EventCountry "CZE"]
[SourceTitle "EXT 2006"]
[Source "ChessBase"]
[SourceDate "2005.11.24"]
[SourceVersion "1"]
[SourceVersionDate "2005.11.24"]
[SourceQuality "1"]

1. e4 c5 2. Nc3 Nc6 3. g3 g6 4. Bg2 Bg7 5. d3 d6 6. Nh3 e6 7. 0-0 Nge7 8. Bf4 0-0 9. Qd2 Re8 10. Bh6 Bh8 11. Rab1 a6 12. f4 Rb8 13. Ne2 b5 14. c3 Qb6 15. Kh1 Bb7 16. g4 f5 17. gxf5 exf5 18. Ng3 Bc8 19. Rg1 Nd8 20. Ng5 Nf7 21. Nxf7 Kxf7 22. Rbe1 b4 23. Re2 bxc3 24. bxc3 Qa5 25. d4 cxd4 26. cxd4 Qxd2 27. Rxd2 fxe4 28. Bxe4 Rb4 29. d5 Ng8 30. Bxg6+ hxg6 31. Bg5 Rb2 32. Rxb2 Bxb2 33. Rb1 Bh3 34. f5 Bf6 35. fxg6+ Kxg6 36. Bd2 Bd4 37. Rb7 Rf8 38. Be1 Nh6 0-1

[Event "Ostrava op-A"]
[Site "Ostrava"]
[Date "2003.05.03"]
[Round "1"]
[White "Potomak, Vladimir"]
[Black "Kasal, Kamil"]
[Result "1-0"]
[WhiteElo "2142"]
[BlackElo "1799"]
[PlyCount "79"]
[EventDate "2003.05.03"]
[EventType "swiss"]
[EventRounds "10"]
[EventCountry "CZE"]
[SourceTitle "EXT 2006"]
[Source "ChessBase"]
[SourceDate "2005.11.24"]
[SourceVersion "1"]
[SourceVersionDate "2005.11.24"]
[SourceQuality "1"]

1. c4 Nf6 2. d4 e6 3. Nf3 b6 4. g3 Ba6 5. b3 Bb4+ 6. Bd2 Be7 7. Bg2 c6 8. 0-0 d5 9. Ne5 Nfd7 10. Nxd7 Nxd7 11. Bc3 Rc8 12. Nd2 0-0 13. e4 b5 14. Re1 bxc4 15. bxc4 dxc4 16. Qa4 Bb5 17. Qc2 c5 18. d5 exd5 19. exd5 Bg5 20. Ne4 Bf6 21. Nd6 Rb8 22. Nxb5 Rxb5 23. Bxf6 Nxf6 24. Qxc4 Qb6 25. Rac1 Ne8 26. a4 Nd6 27. Qc2 Ra5 28. Rb1 Qc7 29. Rb4 c4 30. h4 Rb8 31. Re7 Qd8 32. Rd7 Qc8 33. Rxb8 Qxb8 34. Qb2 Qf8 35. Qb4 Ra6 36. Qc5 Qb8 37. a5 g6 38. Rc7 Qb5 39. Rc8+ Nxc8 40. Qxb5 1-0

[Event "Karvina op"]
[Site "Karvina"]
[Date "2002.??.??"]
[Round "1.18"]
[White "Rogovskoy, Alexander"]
[Black "Kasal, Kamil"]
[Result "1/2-1/2"]
[WhiteElo "2287"]
[BlackElo "1776"]
[PlyCount "61"]
[EventDate "2002.06.25"]
[EventType "swiss"]
[EventRounds "9"]
[EventCountry "CZE"]
[SourceTitle "EXT 2003"]
[Source "ChessBase"]
[SourceDate "2002.11.25"]
[SourceVersion "1"]
[SourceVersionDate "2002.11.25"]
[SourceQuality "1"]

1. e4 c5 2. c3 d5 3. exd5 Qxd5 4. d4 Nc6 5. dxc5 Qxd1+ 6. Kxd1 e5 7. Be3 Bg4+ 8. f3 0-0-0+ 9. Nd2 Be6 10. Ke1 Nf6 11. g3 Be7 12. Bc4 Nd5 13. Bf2 Rd7 14. Ne2 Rhd8 15. Nb3 Nc7 16. Bxe6 Nxe6 17. Be3 Rd5 18. Kf2 Bxc5 19. Bxc5 Nxc5 20. Nxc5 Rxc5 21. Rhd1 Rcd5 22. Ke1 Rxd1+ 23. Rxd1 Rxd1+ 24. Kxd1 Kd7 25. Kc2 Kd6 26. Kd3 f5 27. Nc1 Kd5 28. Nb3 g6 29. c4+ Kd6 30. a3 b6 31. Nd2 1/2-1/2

[Event "Karvina op"]
[Site "Karvina"]
[Date "2002.??.??"]
[Round "7.27"]
[White "Szotek, Josef"]
[Black "Kasal, Kamil"]
[Result "1/2-1/2"]
[WhiteElo "2055"]
[BlackElo "1776"]
[PlyCount "32"]
[EventDate "2002.06.25"]
[EventType "swiss"]
[EventRounds "9"]
[EventCountry "CZE"]
[SourceTitle "EXT 2003"]
[Source "ChessBase"]
[SourceDate "2002.11.25"]
[SourceVersion "1"]
[SourceVersionDate "2002.11.25"]
[SourceQuality "1"]

1. e4 c5 2. Nc3 Nc6 3. f4 g6 4. Nf3 Bg7 5. Bb5 Nd4 6. Bc4 e6 7. e5 d6 8. exd6 Qxd6 9. d3 a6 10. a4 Ne7 11. Ne4 Qc7 12. 0-0 0-0 13. Ne5 b6 14. c3 Ndc6 15. Qf3 Bb7 16. Nxc6 Qxc6 1/2-1/2